[Event "Pan American-ch School U15 Girls"]
[Site "Medellin"]
[Date "2019.11.16"]
[Round "8"]
[White "Gallo Mazo, Ximena"]
[Black "Castano, Saray"]
[Result "1-0"]
[WhiteElo "1495"]
[BlackElo "1558"]
[PlyCount "65"]
[EventDate "2019.11.12"]
[EventType "swiss"]
[EventRounds "9"]
[EventCountry "COL"]
[SourceTitle "CBM 193 Extra"]
[Source "ChessBase"]
[SourceDate "2020.01.31"]
[SourceVersion "1"]
[SourceVersionDate "2020.01.31"]
[SourceQuality "1"]

1. e4 c5 2. c3 d5 3. exd5 Qxd5 4. d4 cxd4 5. cxd4 Nc6 6. Be3 e5 7. dxe5 Qxd1+ 8. Kxd1 Bf5 9. Bb5 0-0-0+ 10. Ke2 Nd4+ 11. Bxd4 Rxd4 12. Nf3 Rb4 13. Bd3 Rxb2+ 14. Nbd2 Bxd3+ 15. Kxd3 Bb4 16. Rhb1 Rxb1 17. Rxb1 Bxd2 18. Kxd2 h6 19. Nd4 f6 20. Nf5 fxe5 21. Nd6+ Kc7 22. Nf7 Rh7 23. Rc1+ Kb8 24. Nxe5 Nf6 25. Re1 g5 26. h3 Re7 27. Nc6+ bxc6 28. Rxe7 Nh5 29. Re6 Nf4 30. Rxc6 Nxg2 31. Rxh6 Nf4 32. h4 gxh4 33. Rxh4 1-0

[Event "Pan American-ch School U15 Girls"]
[Site "Medellin"]
[Date "2019.11.14"]
[Round "5"]
[White "Garcia Andrada, Heidy Nicole"]
[Black "Gallo Mazo, Ximena"]
[Result "1-0"]
[WhiteElo "1856"]
[BlackElo "1495"]
[PlyCount "100"]
[EventDate "2019.11.12"]
[EventType "swiss"]
[EventRounds "9"]
[EventCountry "COL"]
[SourceTitle "CBM 193 Extra"]
[Source "ChessBase"]
[SourceDate "2020.01.31"]
[SourceVersion "1"]
[SourceVersionDate "2020.01.31"]
[SourceQuality "1"]

1. e4 e6 2. d4 d5 3. exd5 exd5 4. Bd3 c5 5. dxc5 Bxc5 6. Ne2 Nf6 7. c3 0-0 8. 0-0 Bg4 9. Qc2 Qb6 10. b4 Bd6 11. Be3 Qc7 12. h3 Be6 13. Nd4 Bd7 14. Na3 a6 15. Bg5 h6 16. Bxf6 gxf6 17. Bf5 Re8 18. Qd3 Bf8 19. Qf3 Qd6 20. Rad1 Bc6 21. Qg4+ Bg7 22. Bc2 Bd7 23. Nf5 Bxf5 24. Qxf5 Qc6 25. Qh7+ Kf8 26. Rd3 f5 27. Nb1 Qg6 28. Qxg6 fxg6 29. Rxd5 Nc6 30. Rd6 Kf7 31. Bb3+ Kf8 32. Rxg6 Re2 33. Rd6 Ke7 34. Rdd1 Kf6 35. Rfe1 Rae8 36. Kf1 Rxe1+ 37. Rxe1 Rxe1+ 38. Kxe1 Ke5 39. Ke2 Ne7 40. Nd2 Nd5 41. Nf3+ Kd6 42. Bxd5 Kxd5 43. Kd3 b5 44. g3 Bf6 45. Nd4 Bxd4 46. cxd4 h5 47. f3 Ke6 48. f4 Kd5 49. g4 fxg4 50. hxg4 hxg4 1-0

[Event "Pan American-ch School U15 Girls"]
[Site "Medellin"]
[Date "2019.11.13"]
[Round "3"]
[White "Gallo Mazo, Ximena"]
[Black "Miranda Vargas, Analia Karen"]
[Result "1/2-1/2"]
[WhiteElo "1495"]
[BlackElo "1522"]
[PlyCount "93"]
[EventDate "2019.11.12"]
[EventType "swiss"]
[EventRounds "9"]
[EventCountry "COL"]
[SourceTitle "CBM 193 Extra"]
[Source "ChessBase"]
[SourceDate "2020.01.31"]
[SourceVersion "1"]
[SourceVersionDate "2020.01.31"]
[SourceQuality "1"]

1. e4 e5 2. Nf3 Nc6 3. Bb5 g6 4. d3 Bg7 5. c3 Nge7 6. Bg5 0-0 7. 0-0 a6 8. Ba4 d6 9. Re1 h6 10. Be3 f5 11. exf5 Nxf5 12. Nbd2 Nh4 13. Nxh4 Qxh4 14. Nf3 Qf6 15. d4 exd4 16. Nxd4 Ne5 17. h3 Kh8 18. Bb3 Bd7 19. Qd2 Kh7 20. Bd1 Rae8 21. Be2 b5 22. Nf3 Nc4 23. Bxc4 bxc4 24. Bd4 Qf7 25. Bxg7 Kxg7 26. Rxe8 Rxe8 27. Re1 Rxe1+ 28. Qxe1 Bxh3 29. gxh3 Qxf3 30. Qe7+ Qf7 31. Qe4 d5 32. Qd4+ Kg8 33. Qa7 Qe6 34. Qb8+ Kf7 35. Qxc7+ Ke8 36. Qb8+ Ke7 37. Qc7+ Ke8 38. Qb8+ Kd7 39. Qb7+ Kd8 40. Qb8+ Ke7 41. Qc7+ Kf6 42. Qf4+ Kg7 43. Qd4+ Kf7 44. Qf4+ Kg7 45. Qd4+ Kf7 46. Qf4+ Kg7 47. Qd4+ 1/2-1/2